Statistics for Nazi-lederne i Tyskland

Click here to take the quiz!

General Stats

  • This quiz has been taken 106 times
    (98 since last reset)
  • The average score is 5 of 17

Answer Stats

HintAnswer% Correct
Den tidligere korporalen som ble Reichskanzler i 1933 og i tillegg Reichspresident i 1934, men brukte i stedet tittelen Der Führer [begikk selvmord i 1945]Adolf Hitler
97%
Lederen av SS, og alt av politi og sikkerhet, inkl. Gestapo (hadde tittelen Reichsführer-SS) [begikk selvmord i 1945]Heinrich Himmler
77%
Propaganda-ministeren som styrte massemediene, var kansler i én dag etter Hitlers selvmord [begikk selvmord i 1945]Joseph Goebbels
75%
Lederen av flyvåpenet Luftwaffe, den egentlige nestleder etter Hitler, og leder av økonomien (hadde den høyeste militære tittelen Reichsmarschall) [begikk selvmord etter han ble dømt til døden i 1946]Hermann Göring
67%
Hitlers personlige sekretær i mange år, så partisekretær med tittelen Førerens stedfortreder (inntil han rømte i 1941) [satt i fengsel til han begikk selvmord i 1987]Rudolf Hess
44%
Hitlers arkitekt som han respekterte dypt, som ble rustningsminister 1942-45 (der man brukte slaver fra okkuperte land) [satt 20 år i fengsel]Albert Speer
34%
SS-byråkraten som ledet koordinering av togreisene for å deportere jøder til okkuperte Polen der dødsleirene lå [ble fanget av israelske agenter i Argentina 1960, henrettet i Jerusalem 1962]Adolf Eichmann
29%
Storadmiral og øverstkommanderende for marinen 1943-45, ble Reichspresident og øverstkommanderende for Wehrmacht i tre uker etter Hitlers død [satt 10 år i fengsel]Karl Dönitz
21%
Utenriksministeren 1938-45 [henrettet i 1946]Joachim von Ribbentrop
19%
SS-kommandanten av Auschwitz [henrettet i 1947]Rudolf Höss
19%
Hitlers personlige sekretær og partisekretær 1941-45 [døde i løpet av krigens siste dager]Martin Bormann
16%
Nestleder i SS inntil han ble drept av tsjekkiske motstandsfolk i 1942, ledet Wannsee-konferansen som formaliserte planer for jødeutryddelsenReinhard Heydrich
14%
Den praktiske lederen av SA-paramilitære fra 1931 til han ble drept på Hitlers ordre i 1934Ernst Röhm
12%
General og stabssjef for de væpnede styrker (Wehrmacht) [henrettet i 1946]Alfred Jodl
8%
General og øverste sjef for de væpnede styrker (Wehrmacht) [henrettet i 1946]Wilhelm Keitel
8%
Nestleder i SS fra 1942-45 [henrettet i 1946]Ernst Kaltenbrunner
4%
Generalguvernør av Generalguvernementet (delen av okkuperte Polen der de fleste dødsleirene lå) [henrettet i 1946]Hans Frank
4%

Score Distribution

Percentile by Number Answered

Percent of People with Each Score

Your Score History

You have not taken this quiz since the last reset